000 00426nam a2200181Ia 4500
005 20240823042445.0
008 240823s9999||||xx |||||||||||||| ||und||
041 _aENGLISH
082 _A630.2515 N4
100 _aGopalaswamy N
245 0 _aAgricultural Meteorology
250 _a1st
260 _c1994
_b"Rawat,Jaipur"
500 _aYES
650 _aAgriculture
_bManagement Studies
942 _cBK
999 _c207909
_d207909